| 000 | 00890nam a2200205 i 4500 | ||
|---|---|---|---|
| 001 | 163131 | ||
| 003 | ES-MaACL | ||
| 005 | 20241227204408.0 | ||
| 008 | 030320s1893 sp |||| | spa d | ||
| 040 |
_aCCPB | B _bspa _cCCPB | B |
||
| 100 | 1 |
_aRegidor y Jurado, Antonio María. _9131658 |
|
| 245 | 1 | 3 |
_aLa Gran Bretaña _b: conferencia dada en el Círculo Republicano Centralista de Madrid en la noche del dia 1º de Noviembre de 1893 / _cpor Antonio María Regidor y Jurado. |
| 260 |
_aMadrid : _b[s.n.], _c1893 ( _fEstab. Tipog. de los Sucesores de Cuesta) |
||
| 300 |
_a20 p. ; _c23 cm. |
||
| 650 | 4 |
_aCartas pastorales. _9135731 |
|
| 852 |
_aES-MaACL _jT-1157-F-3 _z-- Enc. hol. coservando la original _z-- Enc. en un vol. facticio |
||
| 852 |
_aES-MaACL _jT-696-F-6 _z-- Enc. hol. coservando la original _z-- Enc. en un vol. facticio |
||
| 942 | _2udc | ||
| 999 |
_c163131 _d163131 |
||